الهواء / (رقم التسجيلة. 101480)

تفاصيل مارك
000 -LEADER
fixed length control field 00642nam a22002177a 4500
005 - DATE AND TIME OF LATEST TRANSACTION
control field 20251108173331.0
008 - FIXED-LENGTH DATA ELEMENTS--GENERAL INFORMATION
fixed length control field 250721s1998 xx 000 0 ara d
082 14 - DEWEY DECIMAL CLASSIFICATION NUMBER
Classification number ط/372.3/مطل
100 1# - MAIN ENTRY--PERSONAL NAME
Personal name مطلق، ألبير
245 10 - TITLE STATEMENT
Title الهواء /
264 1# - PRODUCTION, PUBLICATION, DISTRIBUTION, MANUFACTURE, AND COPYRIGHT NOTICE
Place of production, publication, distribution, manufacture بيروت :
Name of producer, publisher, distributor, manufacturer مكتبة لبنان،
Date of production, publication, distribution, manufacture, or copyright notice 1998.
300 ## - PHYSICAL DESCRIPTION
Extent 29ص.
490 0# - SERIES STATEMENT
Series statement كتب الفراشة : تجارب علمية مبسطة
Volume/sequential designation 14
650 17 - SUBJECT ADDED ENTRY--TOPICAL TERM
Topical term or geographic name as entry element الهواء
650 17 - SUBJECT ADDED ENTRY--TOPICAL TERM
Topical term or geographic name as entry element الاختبارات
650 17 - SUBJECT ADDED ENTRY--TOPICAL TERM
Topical term or geographic name as entry element التعلم
653 ## - INDEX TERM--UNCONTROLLED
Uncontrolled term (سنة 14-10) ناشئون صغار
653 ## - INDEX TERM--UNCONTROLLED
Uncontrolled term التجارب العلمية
942 ## - ADDED ENTRY ELEMENTS (KOHA)
Source of classification or shelving scheme Dewey Decimal Classification
Koha item type كتب
المقتنيات
حالة السحب حالة الفقدان مصدر التصنيف حالة التلف غير قابل للإعارة المكتبة الرئيسية المكتبة الحالية موقع الرف تاريخ التزويد الرقم المتسلسل Total Checkouts رقم الإستدعاء الباركود تاريخ آخر ظهور تاريخ الفاتورة نوع المادة (كوها)
    Dewey Decimal Classification     المكتبة المركزية المكتبة المركزية الأطفال 28/07/2025 418043   ط/372.3/مطل 418043 28/07/2025 28/07/2025 كتب
    Dewey Decimal Classification     مكتبة قتيبة للأطفال مكتبة قتيبة للأطفال الأطفال 01/03/2018 1667517   ط/372.3/مطل PLD00418174 28/07/2025 01/03/2018 كتب
Withdrawn   Dewey Decimal Classification     مكتبة الأميرة سلمى مكتبة الأميرة سلمى الأطفال 28/07/2025 568309   ط/372.3/مطل 568309 28/07/2025 28/07/2025 كتب
    Dewey Decimal Classification     مكتبة البراءة للأطفال مكتبة البراءة للأطفال الأطفال 14/05/2015 1598535   ط/372.3/مطل PLD00324182 28/07/2025 14/05/2015 كتب
    Dewey Decimal Classification     مكتبة الراية الهاشمية للأطفال مكتبة الراية الهاشمية للأطفال الأطفال 09/01/2003 0297026   ط/372.3/مطل PLD00346263 28/07/2025 09/01/2003 كتب
    Dewey Decimal Classification     مكتبة الياسمين للأطفال مكتبة الياسمين للأطفال الأطفال 13/04/2014 557947   ط/372.3/مطل PLD00298950 28/07/2025 13/04/2014 كتب
    Dewey Decimal Classification     مكتبة الياسمين للأطفال مكتبة الياسمين للأطفال الأطفال 13/04/2014 557031   ط/372.3/مطل PLD00298949 28/07/2025 13/04/2014 كتب
Implemented & Customized by: BBB with SCIT (Smart Chains for Information Technology)

Powered by Koha